00507nam a2200181 a 4500001001300000003000900013005001700022008004100039020001000080082001600090100001700106245008600123260003700209300000800246500003500254650001900289700001700308nice12345678IN_TiNIC20260116015338.0100205s1970 inda grp 000 0 eng  ac10000a270.82bBYR aByrne, James aThreshold of God`s Promiseb An Introduction to the Catholic Pentecostal Movement aIndiana bAVE Maria Press c1970 a78p aincludes index and biblioraphy aPentecostalism1 aByrne, James